<?xml version="1.0" encoding="UTF-8"?>
<record
    xmlns:xsi="http://www.w3.org/2001/XMLSchema-instance"
    xsi:schemaLocation="http://www.loc.gov/MARC21/slim http://www.loc.gov/standards/marcxml/schema/MARC21slim.xsd"
    xmlns="http://www.loc.gov/MARC21/slim">

  <leader>02232cam a22003135a 4500</leader>
  <controlfield tag="001">2597690</controlfield>
  <controlfield tag="005">20201128023912.0</controlfield>
  <controlfield tag="008">970508s2016    njuad  frb    001 0 eng d</controlfield>
  <datafield tag="010" ind1=" " ind2=" ">
    <subfield code="a">   97019641 </subfield>
  </datafield>
  <datafield tag="020" ind1=" " ind2=" ">
    <subfield code="a">1259252779</subfield>
  </datafield>
  <datafield tag="020" ind1=" " ind2=" ">
    <subfield code="a">9781259252778 </subfield>
  </datafield>
  <datafield tag="040" ind1=" " ind2=" ">
    <subfield code="a">DLC</subfield>
    <subfield code="b">eng</subfield>
    <subfield code="c">DLC</subfield>
    <subfield code="d">EG-ScBUE </subfield>
  </datafield>
  <datafield tag="082" ind1="0" ind2="4">
    <subfield code="2">22</subfield>
    <subfield code="a">657.45</subfield>
    <subfield code="b">WHI</subfield>
  </datafield>
  <datafield tag="100" ind1="1" ind2=" ">
    <subfield code="a">Whittington, Ray,</subfield>
    <subfield code="d">1948-</subfield>
    <subfield code="9">41574</subfield>
  </datafield>
  <datafield tag="245" ind1="1" ind2="0">
    <subfield code="a">Principles of auditing /</subfield>
    <subfield code="c">O. Ray Whittington, Kurt Pany.</subfield>
  </datafield>
  <datafield tag="250" ind1=" " ind2=" ">
    <subfield code="a">20th ed., International student ed.</subfield>
  </datafield>
  <datafield tag="260" ind1=" " ind2=" ">
    <subfield code="a">New York :</subfield>
    <subfield code="b">McGraw-Hill Education,</subfield>
    <subfield code="c">2016.</subfield>
  </datafield>
  <datafield tag="300" ind1=" " ind2=" ">
    <subfield code="a">xxix, 845 p. :</subfield>
    <subfield code="b">ill., tables, charts;</subfield>
    <subfield code="c">24 cm.</subfield>
  </datafield>
  <datafield tag="500" ind1=" " ind2=" ">
    <subfield code="a">Index : p. 825-845.</subfield>
  </datafield>
  <datafield tag="504" ind1=" " ind2=" ">
    <subfield code="a">Includes bibliographical references.</subfield>
  </datafield>
  <datafield tag="505" ind1=" " ind2=" ">
    <subfield code="a">Chapter 1: The Role of the Public Accountant in the American Economy -- Chapter 2: Professional Standards -- Chapter 3: Professional Ethics -- Chapter 4: Legal Liability of CPAs -- Chapter 5: Audit Evidence and Documentation -- Chapter 6: Audit Planning, Understanding the Client, Assessing Risks, and Responding -- Chapter 7: Internal Control -- Chapter 8: Consideration of Internal Control in an Information Technology Environment -- Chapter 9: Audit Sampling Appendix A Probability-Proportion-to-Size Sampling -- Chapter 10: Cash and Financial Investments -- Chapter 11: Accounts Receivable, Notes Receivable, and Revenue -- Chapter 12: Inventories and Cost of Goods Sold -- Chapter 13: Property, Plant, and Equipment: Depreciation and Depletion -- Chapter 14: Accounts Payable and Other Liabilities -- Chapter 15: Debt and Equity Capital -- Chapter 16: Auditing Operations and Completing the Audit -- Chapter 17: Auditors' Report -- Chapter 18: Integrated Audits of Public Companies -- Chapter 19: Additional Assurance Services: Historical Financial Information --  Chapter 20: Additional Assurance Services: Other Information -- Chapter 21: Internal, Operational, and Compliance Auditing.</subfield>
  </datafield>
  <datafield tag="590" ind1=" " ind2=" ">
    <subfield code="a">Wessam</subfield>
  </datafield>
  <datafield tag="650" ind1=" " ind2="7">
    <subfield code="a">Auditing.</subfield>
    <subfield code="2">BUEsh</subfield>
    <subfield code="9">1182</subfield>
  </datafield>
  <datafield tag="651" ind1=" " ind2=" ">
    <subfield code="2">BUEsh</subfield>
  </datafield>
  <datafield tag="653" ind1=" " ind2=" ">
    <subfield code="b">BUSADM</subfield>
    <subfield code="c">October2016</subfield>
  </datafield>
  <datafield tag="700" ind1="1" ind2=" ">
    <subfield code="a">Pany, Kurt.</subfield>
    <subfield code="9">1350</subfield>
  </datafield>
  <datafield tag="856" ind1=" " ind2=" ">
    <subfield code="u">http://highered.mheducation.com/sites/0077729145/information_center_view0/index.html</subfield>
    <subfield code="y">Student and instructor support</subfield>
  </datafield>
  <datafield tag="942" ind1=" " ind2=" ">
    <subfield code="2">ddc</subfield>
    <subfield code="e">22</subfield>
    <subfield code="k">657.45 WHI</subfield>
  </datafield>
  <datafield tag="999" ind1=" " ind2=" ">
    <subfield code="c">22690</subfield>
    <subfield code="d">22662</subfield>
  </datafield>
  <datafield tag="952" ind1=" " ind2=" ">
    <subfield code="0">0</subfield>
    <subfield code="1">0</subfield>
    <subfield code="2">ddc</subfield>
    <subfield code="4">0</subfield>
    <subfield code="7">0</subfield>
    <subfield code="8">Academic</subfield>
    <subfield code="a">MAIN</subfield>
    <subfield code="b">MAIN</subfield>
    <subfield code="c">1ST</subfield>
    <subfield code="d">2016-10-18</subfield>
    <subfield code="e">Purchase</subfield>
    <subfield code="g">588.00</subfield>
    <subfield code="h">9154</subfield>
    <subfield code="l">0</subfield>
    <subfield code="o">657.45 WHI</subfield>
    <subfield code="p">000033941</subfield>
    <subfield code="r">2025-07-15 00:00:00</subfield>
    <subfield code="v">735.00</subfield>
    <subfield code="y">BB</subfield>
  </datafield>
</record>
